000 01029nam a2200241 a 4500
001 000045336
005 20240314095211.0
008 150303s2013 dr ad r 000 0 spa d
020 _a9789945885927
040 _aDO-SdBNP
_bspa
_cBNPHU
082 _axxxx
_bxxxx
110 _aRepúlica Dominicana.
_bMinisterio de Educación
_973361
245 1 4 _aLas concepciones docentes sobre la lectoescritura y los factores de éxito o fracaso escolar /
_cJosefina Pimentel, María Eugenia Paniagua, Julio Leonardo Valeirón.
260 _aSanto Domingo :
_bIDEICE,
_c2013.
300 _a129 p. :
_bil. ;
_c27 cm.
504 _aBibliografía : p. 110-113
500 _aIncluye referencias bibliográficas y notas al pie de las páginas.
590 _aInventariado, 2019/BT
700 1 2 _aPimentel, Josefina
_95745
700 1 2 _aPaniagua, María Eugenia
_973362
700 1 2 _aValeirón, Julio Leonardo
_973363
710 2 2 _aInstituto Dominicano de Evaluación e investigación de la Calidad Educativa, IDEICE, (Repúlica Dominicana)
_973364
999 _c44825
_d44825